书目信息 |
| 题名: |
环境经济学
|
|
| 作者: | 董小林 主编 | |
| 分册: | ||
| 出版信息: | 北京 人民交通出版社 2005.03 |
|
| 页数: | 267页 | |
| 开本: | 26cm | |
| 丛书名: | ||
| 单 册: | ||
| 中图分类: | X196-43 | |
| 科图分类: | ||
| 主题词: | 环境经济学--高等学校--教材 | |
| 电子资源: | ||
| ISBN: | 7-114-05460-2 | |
| 000 | 00861nam0 2200253 450 | |
| 001 | 010232425421 | |
| 005 | 20051018085100.74 | |
| 010 | @a7-114-05460-2@dCNY32.00 | |
| 100 | @a20050912d2005 km y0chiy0120 ea | |
| 101 | 0 | @achi |
| 102 | @aCN@b110000 | |
| 105 | @aa a 000yy | |
| 200 | 1 | @a环境经济学@Ahuan jing jing ji xue@f董小林主编@Fdong xiao lin zhu bian |
| 210 | @a北京@c人民交通出版社@d2005.03 | |
| 215 | @a267页@c图@d26cm | |
| 300 | @a高等学校试用教材 | |
| 320 | @a有书目 (第267页)。 | |
| 330 | @a本书主要内容有环境经济学概论,经济学的有关基础理论,环保投资与环境效益,环境效益费用分析,环境投入产出分析。 | |
| 333 | @a高等学校环境类专业师生以及从事环境保护和经济管理人员。 | |
| 606 | 0 | @a环境经济学@x高等学校@j教材 |
| 690 | @aX196-43@v4 | |
| 701 | 0 | @a董小林@Adong xiao lin@4主编 |
| 801 | 0 | @aCN@bQSSK@c20051018 |
| 905 | @a10447@dX196-43@eD743 | |
| 环境经济学/董小林主编.-北京:人民交通出版社,2005.03 |
| 267页:图;26cm |
| 高等学校试用教材.-使用对象:高等学校环境类专业师生以及从事环境保护和经济管理人员。 |
| ISBN 7-114-05460-2:CNY32.00 |
| 本书主要内容有环境经济学概论,经济学的有关基础理论,环保投资与环境效益,环境效益费用分析,环境投入产出分析。 |
| ● |
| 相关链接 |
|
|
|
正题名:环境经济学
索取号:X196-43/D743
 
预约/预借
| 序号 | 登录号 | 条形码 | 馆藏地/架位号 | 状态 | 备注 |
| 1 | 569331 | 205693310 | 市政与环境工程学院资料室/501自科库 93排2列3层/ [索取号:X196-43/D743] | 在馆 | |
| 2 | 569332 | 205693329 | 自科库501/501自科库 93排2列3层/ [索取号:X196-43/D743] | 在馆 | |
| 3 | 569333 | 205693338 | 自科库501/501自科库 93排2列3层/ [索取号:X196-43/D743] | 在馆 |